| 000 | 00412nam a22001457a 4500 | ||
|---|---|---|---|
| 008 | 230509b |||||||| |||| 00| 0 eng d | ||
| 040 |
_aNational Science Library _cNational Science Library |
||
| 080 |
_aR 058(540) _bN1 |
||
| 245 | _aManorama yearbook 1991 | ||
| 260 |
_aKottayam: _bMalayala Manorama, _c1991 |
||
| 300 | _a63p. | ||
| 490 | _a26th year of publication | ||
| 650 | _aYearbook | ||
| 942 |
_2udc _cYBK |
||
| 999 |
_c27878 _d27878 |
||